000 00874nam a2200241Ia 4500
001 21700
005 20260407102341.0
008 260320s9999||||xx |||||||||||||| ||und||
020 _a9786123226176
041 _aESP
082 _a657.61
_bE88
100 _aEspinoza Torres, Cristina,
_eAUT
245 0 _aNuevo PCGE :
_bconcordado y anotado con las NIIF, las normas tributarias y societarias
250 _aPrimera edición
260 _aLima :
_bInstituto Pacífico
_c2025
300 _a703 páginas :
_bcuadros ;
_c25 cm.
650 _aCIS
653 _aContabilidad; Contabilidad pública; Normas tributarias y societarias
654 _aCCO
700 _aCorilloclla De La Cruz, Henry,
_cAUT
856 _uhttps://login.ucsp.lookproxy.com/login?url=https://legal.legis.com.pe/home/Corporativo
_zVéase además: Base de datos Multilegis
942 _cLIB
_dJUS
_fTRC
_2ddc
999 _c21700
_d21700